[Event "Moscow Chess Stars 3.0 Blitz"]
[Site "Moscow"]
[Date "2023.12.18"]
[Round "7"]
[White "Karjakin, Sergey"]
[Black "Grischuk, Alexander"]
[Result "1/2-1/2"]
[WhiteElo "2750"]
[BlackElo "2732"]
[PlyCount "90"]
[EventDate "2023.12.18"]
[EventType "tourn (blitz)"]
[EventRounds "18"]
[EventCountry "RUS"]
[EventCategory "17"]
[SourceTitle "CB51_2023"]
[SourceDate "2023.12.20"]
[SourceVersion "1"]
[SourceVersionDate "2023.12.20"]
[SourceQuality "1"]

1. e4 e5 2. Nf3 Nc6 3. Bb5 Nf6 4. d3 Bc5 5. 0-0 d6 6. c3 0-0 7. h3 Bb6 8. Bxc6 bxc6 9. Nbd2 Nd7 10. d4 a5 11. Re1 a4 12. Nc4 Qf6 13. Be3 Qe6 14. Nfd2 exd4 15. cxd4 d5 16. Nxb6 cxb6 17. e5 c5 18. Rc1 c4 19. a3 Re8 20. Nf1 Nb8 21. Bd2 Nc6 22. Bc3 Qg6 23. Qf3 Be6 24. Ne3 Rad8 25. Rcd1 h6 26. h4 h5 27. Qf4 Rd7 28. Kh2 Ne7 29. Bb4 Nf5 30. Rd2 Qh6 31. Qxh6 Nxh6 32. Kg3 Nf5+ 33. Nxf5 Bxf5 34. Kf4 Bd3 35. f3 Re6 36. g4 hxg4 37. fxg4 f6 38. Bc3 Rf7 39. Kg3 f5 40. Rf2 fxg4 41. Rxf7 Kxf7 42. Kxg4 Rg6+ 43. Kf4 Ke6 44. Re3 Bf5 45. Rg3 Rxg3 1/2-1/2

[Event "Moscow Region Group Cup"]
[Site "Moscow"]
[Date "2023.12.02"]
[Round "10"]
[White "Goryachkina, Aleksandra"]
[Black "Karjakin, Sergey"]
[Result "1-0"]
[WhiteElo "2567"]
[BlackElo "2750"]
[PlyCount "79"]
[EventDate "2023.12.01"]
[EventType "tourn (rapid)"]
[EventRounds "14"]
[EventCountry "RUS"]
[EventCategory "17"]
[SourceTitle "CB49_2023"]
[SourceDate "2023.12.06"]
[SourceVersion "1"]
[SourceVersionDate "2023.12.06"]
[SourceQuality "1"]

1. d4 Nf6 2. c4 e6 3. g3 d5 4. Nf3 Be7 5. Bg2 0-0 6. Nc3 c6 7. 0-0 b6 8. b3 Bb7 9. Bb2 Nbd7 10. Qd3 c5 11. cxd5 Nxd5 12. Nxd5 Bxd5 13. Rfd1 Rc8 14. e4 c4 15. Qe2 c3 16. exd5 cxb2 17. Qxb2 exd5 18. Ne5 Nf6 19. Rac1 Bd6 20. Bh3 Rxc1 21. Rxc1 Qe7 22. Nc6 Qb7 23. b4 Re8 24. b5 h5 25. Qb3 h4 26. a4 Bf8 27. Kg2 a5 28. Rc3 hxg3 29. hxg3 Re2 30. Rf3 Qc7 31. Qd3 Re8 32. Qf5 Qd6 33. g4 Qe6 34. g5 Ne4 35. g6 Qxg6+ 36. Qxg6 fxg6 37. Bd7 Nd6 38. Bxe8 Nxe8 39. Ne5 Nf6 40. Rc3 1-0

[Event "Moscow Region Group Cup"]
[Site "Moscow"]
[Date "2023.12.02"]
[Round "6"]
[White "Lagno, Kateryna"]
[Black "Karjakin, Sergey"]
[Result "0-1"]
[WhiteElo "2542"]
[BlackElo "2750"]
[PlyCount "64"]
[EventDate "2023.12.01"]
[EventType "tourn (rapid)"]
[EventRounds "14"]
[EventCountry "RUS"]
[EventCategory "17"]
[SourceTitle "CB49_2023"]
[SourceDate "2023.12.06"]
[SourceVersion "1"]
[SourceVersionDate "2023.12.06"]
[SourceQuality "1"]

1. e4 c5 2. Nf3 a6 3. c3 e6 4. d4 d5 5. e5 Bd7 6. Bd3 Bb5 7. Bxb5+ axb5 8. dxc5 Bxc5 9. b4 Ba7 10. Na3 Nc6 11. Nxb5 Bb8 12. Qe2 h6 13. Bf4 Nge7 14. h3 Nc8 15. a4 Nb6 16. a5 Nc4 17. 0-0 0-0 18. Nbd4 Qd7 19. Bg3 Ne7 20. Rad1 Rc8 21. Rd3 b6 22. axb6 Nxb6 23. Nd2 Ra2 24. Qg4 Na4 25. N2b3 Ba7 26. Rc1 Rb2 27. Bf4 Ng6 28. Rg3 Qe7 29. Be3 Nxc3 30. Nc5 Rxb4 31. Rxc3 Rxc5 32. Ra3 Rc7 0-1

[Event "Moscow Stars Prelim 19th"]
[Site "Moscow"]
[Date "2023.07.21"]
[Round "1"]
[White "Karjakin, Sergey"]
[Black "Artemiev, Vladislav"]
[Result "1-0"]
[WhiteElo "2750"]
[BlackElo "2698"]
[PlyCount "61"]
[EventDate "2023.07.21"]
[EventType "tourn (rapid)"]
[EventRounds "6"]
[EventCountry "RUS"]
[EventCategory "19"]
[SourceTitle "CBM 215 Extra"]
[Source "ChessBase"]
[SourceDate "2023.09.30"]
[SourceVersion "1"]
[SourceVersionDate "2023.09.30"]
[SourceQuality "1"]

1. e4 c6 2. d4 d5 3. e5 Bf5 4. Nf3 e6 5. Be2 c5 6. Be3 Nd7 7. 0-0 Ne7 8. c4 dxc4 9. Na3 c3 10. Nb5 Nd5 11. Nxc3 Nxe3 12. fxe3 Be7 13. Bd3 cxd4 14. exd4 Bxd3 15. Qxd3 0-0 16. Rad1 Nb6 17. Nd2 Qc7 18. Nde4 Rad8 19. Rf3 Qc4 20. Qd2 Kh8 21. Qf2 Kg8 22. Nf6+ gxf6 23. Qh4 fxe5 24. Qxe7 Nd7 25. Rh3 Rfe8 26. Qh4 Nf8 27. Ne4 Qc2 28. Rf1 Rxd4 29. Nf6+ Kh8 30. Qg5 Ng6 31. Rxh7# 1-0

[Event "Krasnogorsk Blitz"]
[Site "Krasnogorsk"]
[Date "2023.01.30"]
[Round "15"]
[White "Artemiev, Vladislav"]
[Black "Karjakin, Sergey"]
[Result "1/2-1/2"]
[WhiteElo "2701"]
[BlackElo "2747"]
[PlyCount "47"]
[EventDate "2023.01.28"]
[EventType "tourn (blitz)"]
[EventRounds "18"]
[EventCountry "RUS"]
[EventCategory "17"]
[SourceTitle "CBM 212 Extra"]
[Source "ChessBase"]
[SourceDate "2023.03.31"]
[SourceVersion "1"]
[SourceVersionDate "2023.03.31"]
[SourceQuality "1"]

1. d4 Nf6 2. c4 e6 3. Nf3 d5 4. Nc3 c5 5. e3 dxc4 6. Bxc4 a6 7. 0-0 b5 8. Be2 Bb7 9. dxc5 Bxc5 10. Qxd8+ Kxd8 11. Nd2 Ke7 12. Nb3 Nbd7 13. Nxc5 Nxc5 14. b4 Nce4 15. Bb2 Nxc3 16. Bxc3 Rhc8 17. Rfc1 Bd5 18. f3 Bc4 19. Bxc4 Rxc4 20. Bxf6+ Kxf6 21. Rxc4 bxc4 22. Rc1 a5 23. Rxc4 axb4 24. Rxb4 1/2-1/2

[Event "Krasnogorsk Blitz"]
[Site "Krasnogorsk"]
[Date "2023.01.28"]
[Round "2"]
[White "Goryachkina, Aleksandra"]
[Black "Karjakin, Sergey"]
[Result "0-1"]
[WhiteElo "2576"]
[BlackElo "2747"]
[PlyCount "69"]
[EventDate "2023.01.28"]
[EventType "tourn (blitz)"]
[EventRounds "18"]
[EventCountry "RUS"]
[EventCategory "17"]
[SourceTitle "CBM 212 Extra"]
[Source "ChessBase"]
[SourceDate "2023.03.31"]
[SourceVersion "1"]
[SourceVersionDate "2023.03.31"]
[SourceQuality "1"]

1. d4 Nf6 2. c4 e6 3. Nf3 d5 4. Nc3 c6 5. e3 Nbd7 6. Qc2 Bd6 7. b3 0-0 8. Be2 b6 9. Bb2 Bb7 10. 0-0 Qe7 11. Rfe1 Rfe8 12. e4 Nxe4 13. Nxe4 dxe4 14. Qxe4 Bb4 15. Red1 Nf6 16. Qc2 Ba3 17. Bxa3 Qxa3 18. c5 Ba6 19. Bxa6 Qxa6 20. cxb6 axb6 21. Ne5 Rac8 22. a4 Nd5 23. Rac1 Rc7 24. Qc4 Qa8 25. g3 Rec8 26. Qe2 h6 27. Rc2 c5 28. dxc5 Rxc5 29. Nc4 b5 30. axb5 Rxb5 31. Qf3 Qb8 32. Ne3 Rxc2 33. Nxc2 Rxb3 34. Qg4 Rb1 35. Nd4 0-1

[Event "Krasnogorsk Blitz"]
[Site "Krasnogorsk"]
[Date "2023.01.28"]
[Round "6"]
[White "Karjakin, Sergey"]
[Black "Artemiev, Vladislav"]
[Result "1-0"]
[WhiteElo "2747"]
[BlackElo "2701"]
[PlyCount "132"]
[EventDate "2023.01.28"]
[EventType "tourn (blitz)"]
[EventRounds "18"]
[EventCountry "RUS"]
[EventCategory "17"]
[SourceTitle "CBM 212 Extra"]
[Source "ChessBase"]
[SourceDate "2023.03.31"]
[SourceVersion "1"]
[SourceVersionDate "2023.03.31"]
[SourceQuality "1"]

1. e4 e5 2. Nf3 Nc6 3. Bb5 Nf6 4. d3 d6 5. 0-0 a6 6. Bxc6+ bxc6 7. d4 exd4 8. Nxd4 c5 9. Nc6 Qd7 10. Na5 Qa4 11. Bd2 Be7 12. Re1 Bg4 13. Qc1 0-0 14. Nc3 Qd7 15. Bg5 Rfe8 16. Nc4 Be6 17. e5 Ng4 18. Bxe7 Qxe7 19. Qf4 Bxc4 20. Qxg4 Be6 21. Qf4 Rab8 22. exd6 Qxd6 23. Qxd6 cxd6 24. b3 Bf5 25. Rec1 Kf8 26. Kf1 c4 27. Nd5 Rec8 28. Ne3 Be6 29. Rd1 Rb6 30. Rd4 cxb3 31. axb3 Rc5 32. Ke2 Ke7 33. Kd2 Rh5 34. h4 Rc5 35. g3 h6 36. Re4 Kd7 37. Rd4 Ke7 38. Re1 Kd7 39. g4 g5 40. Rh1 a5 41. hxg5 hxg5 42. Rh8 Rcb5 43. Ra8 Ke7 44. Ra7+ Kf6 45. Re4 Rb4 46. Rxb4 axb4 47. Ra5 Kg6 48. Kd3 Rc6 49. Rb5 Ra6 50. Rxb4 Kf6 51. Rd4 Ke5 52. Re4+ Kf6 53. c4 Ra2 54. f4 gxf4 55. Rxf4+ Ke5 56. Re4+ Kf6 57. b4 Rb2 58. b5 Rb1 59. Kd4 Kg5 60. Kc3 Kf6 61. Nf5 d5 62. cxd5 Bxd5 63. Rb4 Rxb4 64. Kxb4 Bf3 65. b6 Ke5 66. Kc5 Ke6 1-0

[Event "Krasnogorsk Blitz"]
[Site "Krasnogorsk"]
[Date "2023.01.28"]
[Round "8"]
[White "Karjakin, Sergey"]
[Black "Sjugirov, Sanan"]
[Result "1-0"]
[WhiteElo "2747"]
[BlackElo "2712"]
[PlyCount "193"]
[EventDate "2023.01.28"]
[EventType "tourn (blitz)"]
[EventRounds "18"]
[EventCountry "RUS"]
[EventCategory "17"]
[SourceTitle "CBM 212 Extra"]
[Source "ChessBase"]
[SourceDate "2023.03.31"]
[SourceVersion "1"]
[SourceVersionDate "2023.03.31"]
[SourceQuality "1"]

1. e4 c6 2. d4 d5 3. e5 Bf5 4. Nf3 e6 5. Be2 Nd7 6. 0-0 h6 7. a4 a5 8. Nbd2 Bh7 9. Nb3 Ne7 10. Bd2 Qb6 11. Ne1 Nf5 12. c3 Be7 13. Bd3 Bg6 14. h3 0-0 15. Nf3 Nxd4 16. Nfxd4 Bxd3 17. Bxh6 Nxe5 18. Re1 Be4 19. f3 c5 20. Nb5 c4+ 21. N3d4 Bg6 22. Bxg7 Kxg7 23. Rxe5 Bf6 24. f4 Bxe5 25. fxe5 Rh8 26. Qg4 Rh5 27. Qf4 Qd8 28. Nf3 Qe7 29. Rf1 Rah8 30. Qe3 Rf5 31. Nd6 Rfh5 32. Rf2 Qd7 33. Nd4 Qe7 34. Rf6 R8h6 35. Qf4 Kg8 36. Nc8 Qd8 37. Nd6 Qe7 38. Kf2 Rh4 39. Qg3 R4h5 40. Kg1 Kh8 41. Nxe6 fxe6 42. Rxg6 Rxg6 43. Qxg6 Rh7 44. Nb5 Qf7 45. Qg5 Rg7 46. Qh4+ Rh7 47. Qd8+ Kg7 48. Nd4 Rh6 49. Nb5 Rg6 50. Nd6 Qf4 51. Qe7+ Kg8 52. Qe8+ Kg7 53. Qe7+ Kg8 54. Qe8+ Kh7 55. Qe7+ Rg7 56. Qxe6 Qe3+ 57. Kf1 Qc1+ 58. Kf2 Qd2+ 59. Kf3 Qxg2+ 60. Ke3 Rg3+ 61. Kd4 Qf2+ 62. Kxd5 Qd2+ 63. Kc5 Qf2+ 64. Kxc4 Qf1+ 65. Kc5 Qf2+ 66. Kc4 Qf1+ 67. Kb3 Qd1+ 68. Ka3 Qa1+ 69. Qa2 Qxa2+ 70. Kxa2 b6 71. Nc8 Rg6 72. Kb3 Kg7 73. Nd6 Re6 74. Nc4 Rh6 75. Kc2 Kf7 76. Kd3 Rxh3+ 77. Kd4 Rh2 78. Kd5 Ke7 79. Kc6 Rh6+ 80. Kb5 Re6 81. Ka6 Kd8 82. Kb7 Ke7 83. Nxb6 Rxe5 84. Nc4 Re4 85. b3 Rh4 86. Nxa5 Rh3 87. c4 Kd6 88. Kb6 Kd7 89. c5 Kc8 90. b4 Ra3 91. Kb5 Kc7 92. Nc4 Rf3 93. Nb6 Rh3 94. Nd5+ Kb7 95. c6+ Kb8 96. Kb6 Rh5 97. c7+ 1-0

[Event "Krasnogorsk Blitz"]
[Site "Krasnogorsk"]
[Date "2023.01.28"]
[Round "5"]
[White "Sadhwani, Raunak"]
[Black "Karjakin, Sergey"]
[Result "1-0"]
[WhiteElo "2627"]
[BlackElo "2747"]
[PlyCount "111"]
[EventDate "2023.01.28"]
[EventType "tourn (blitz)"]
[EventRounds "18"]
[EventCountry "RUS"]
[EventCategory "17"]
[SourceTitle "CBM 212 Extra"]
[Source "ChessBase"]
[SourceDate "2023.03.31"]
[SourceVersion "1"]
[SourceVersionDate "2023.03.31"]
[SourceQuality "1"]

1. d4 Nf6 2. Nc3 d5 3. Bf4 Bf5 4. e3 e6 5. Bd3 Bg6 6. h4 Bd6 7. h5 Bxd3 8. Qxd3 Nbd7 9. Nf3 h6 10. 0-0-0 Qe7 11. g3 a6 12. Kb1 0-0-0 13. a3 Kb8 14. Qe2 Rhe8 15. Ne5 Qf8 16. g4 Ka7 17. Bg3 Rc8 18. f4 Red8 19. g5 Ng8 20. e4 Ne7 21. gxh6 gxh6 22. Bh4 dxe4 23. Nxe4 Bxe5 24. fxe5 Re8 25. Rh3 Nf5 26. Bf2 Ka8 27. Rb3 f6 28. exf6 Rb8 29. Qc4 Nxf6 30. Nc5 Qd6 31. Qa4 Rg8 32. Re1 Rge8 33. d5 e5 34. Ne4 Nxe4 35. Qxe4 Nd4 36. Rd3 Rf8 37. Bg3 Nf5 38. Bxe5 Qd7 39. Rf3 Rbe8 40. Qb4 Qxd5 41. Rd3 Qb5 42. Qc3 Rc8 43. Red1 Rfe8 44. Rd5 Qb6 45. Bf4 Ne3 46. Bxe3 Qxe3 47. Qf6 Kb8 48. Rd7 Re6 49. Qg7 Rc6 50. R7d3 Qe2 51. R1d2 Qxh5 52. Rb3 Qh1+ 53. Ka2 Qe4 54. c3 Qe6 55. Qd7 Qg8 56. Qd5 1-0

[Event "Krasnogorsk Rapid"]
[Site "Krasnogorsk"]
[Date "2023.01.25"]
[Round "4"]
[White "Karjakin, Sergey"]
[Black "Vallejo Pons, Francisco"]
[Result "1-0"]
[WhiteElo "2747"]
[BlackElo "2710"]
[PlyCount "81"]
[EventDate "2023.01.24"]
[EventType "tourn (rapid)"]
[EventRounds "9"]
[EventCountry "RUS"]
[EventCategory "17"]
[SourceTitle "CBM 212 Extra"]
[Source "ChessBase"]
[SourceDate "2023.03.31"]
[SourceVersion "1"]
[SourceVersionDate "2023.03.31"]
[SourceQuality "1"]

1. d4 e6 2. Nf3 c5 3. g3 cxd4 4. Nxd4 d5 5. Bg2 Nf6 6. 0-0 e5 7. Nb3 Be6 8. Nc3 Be7 9. Bg5 Nbd7 10. e3 h6 11. Bxf6 Nxf6 12. Qe2 Qb6 13. Rad1 0-0-0 14. e4 d4 15. Nd5 Bxd5 16. exd5 Bd6 17. c3 Rhe8 18. cxd4 Kb8 19. dxe5 Rxe5 20. Qd3 Ng4 21. Rd2 h5 22. Bf3 f5 23. Qd4 Qa6 24. Bxg4 hxg4 25. Nc5 Qxa2 26. Rc1 Qa5 27. b4 Qb5 28. Rdc2 a6 29. Rc4 Rde8 30. Kg2 g5 31. h3 gxh3+ 32. Kxh3 f4 33. R1c2 g4+ 34. Kxg4 fxg3 35. f4 Bxc5 36. Rxc5 Qd7+ 37. Kf3 g2 38. Rc8+ Rxc8 39. Qxe5+ Ka7 40. Qd4+ b6 41. Rxc8 1-0

[Event "Krasnogorsk Rapid"]
[Site "Krasnogorsk"]
[Date "2023.01.24"]
[Round "3"]
[White "Karjakin, Sergey"]
[Black "Grischuk, Alexander"]
[Result "1-0"]
[WhiteElo "2747"]
[BlackElo "2745"]
[PlyCount "121"]
[EventDate "2023.01.24"]
[EventType "tourn (rapid)"]
[EventRounds "9"]
[EventCountry "RUS"]
[EventCategory "17"]
[SourceTitle "CBM 212 Extra"]
[Source "ChessBase"]
[SourceDate "2023.03.31"]
[SourceVersion "1"]
[SourceVersionDate "2023.03.31"]
[SourceQuality "1"]

1. e4 g6 2. d4 Bg7 3. Nc3 d6 4. f4 Nf6 5. Nf3 c5 6. e5 Nfd7 7. e6 fxe6 8. Ng5 Nf6 9. dxc5 0-0 10. Bd3 Nc6 11. cxd6 exd6 12. 0-0 d5 13. Kh1 a6 14. Qe1 Qd6 15. Qh4 Ne7 16. Be3 Nf5 17. Bxf5 exf5 18. Bd4 h6 19. Nf3 Be6 20. Rad1 Rae8 21. Ne5 Kh7 22. Nf3 Bg8 23. h3 Nh5 24. Bxg7 Kxg7 25. Nd4 Nf6 26. Rd3 Kh7 27. a4 Qb6 28. b3 Ne4 29. Nce2 Qf6 30. Qxf6 Rxf6 31. Kh2 Rc8 32. Ng1 Rf7 33. Ngf3 Re7 34. Rdd1 Kg7 35. Rde1 Rce8 36. Ra1 h5 37. a5 Kf6 38. Ra4 Rd8 39. Rb4 Rd6 40. Ne5 Rc7 41. g4 hxg4 42. hxg4 fxg4 43. Nxg4+ Ke7 44. f5 Bf7 45. Ne5 Rf6 46. Rb6 gxf5 47. Nxf5+ Kf8 48. Rxf6 Nxf6 49. Nh6 Rxc2+ 50. Kg1 Be6 51. Rxf6+ Ke7 52. Rf4 d4 53. b4 Rd2 54. Nf3 Rd1+ 55. Kg2 d3 56. Rd4 Kf6 57. Kg3 d2 58. Ng4+ Ke7 59. Nge5 Kf6 60. Kf4 Rb1 61. Nxd2 1-0

[Event "Moscow Region Cup"]
[Site "Moscow"]
[Date "2022.12.04"]
[Round "8"]
[White "Karjakin, Sergey"]
[Black "Dreev, Alexey"]
[Result "1-0"]
[WhiteElo "2747"]
[BlackElo "2606"]
[PlyCount "46"]
[EventDate "2022.12.02"]
[EventType "tourn (rapid)"]
[EventRounds "9"]
[EventCountry "RUS"]
[EventCategory "17"]
[SourceTitle "CBM 211 Extra"]
[Source "ChessBase"]
[SourceDate "2023.01.31"]
[SourceVersion "1"]
[SourceVersionDate "2023.01.31"]
[SourceQuality "1"]

1. e4 c6 2. Nf3 d5 3. exd5 cxd5 4. Ne5 a6 5. d4 Nc6 6. c3 e6 7. Bd3 Bd6 8. f4 Nge7 9. 0-0 0-0 10. Nd2 Qc7 11. Ndf3 f6 12. Qc2 g6 13. Bd2 Nf5 14. g4 Ng7 15. h4 fxe5 16. fxe5 Be7 17. Bh6 Nb4 18. cxb4 Qxc2 19. Bxc2 Bxb4 20. Ng5 Bd7 21. Rf6 Bd2 22. Raf1 Be3+ 23. Kg2 Bxd4 1-0

[Event "Moscow Region Cup"]
[Site "Moscow"]
[Date "2022.12.03"]
[Round "6"]
[White "Karjakin, Sergey"]
[Black "Khismatullin, Denis Rimovich"]
[Result "1-0"]
[WhiteElo "2747"]
[BlackElo "2594"]
[PlyCount "79"]
[EventDate "2022.12.02"]
[EventType "tourn (rapid)"]
[EventRounds "9"]
[EventCountry "RUS"]
[EventCategory "17"]
[SourceTitle "CBM 211 Extra"]
[Source "ChessBase"]
[SourceDate "2023.01.31"]
[SourceVersion "1"]
[SourceVersionDate "2023.01.31"]
[SourceQuality "1"]

1. e4 e5 2. Nf3 Nc6 3. Bc4 Bc5 4. 0-0 Nf6 5. d3 d6 6. c3 a6 7. a4 Ba7 8. Re1 h6 9. Nbd2 0-0 10. h3 Ne7 11. d4 Ng6 12. Bd3 Nh5 13. Nf1 Nhf4 14. Ng3 Nxd3 15. Qxd3 Be6 16. Be3 f6 17. a5 Qe8 18. Ra3 Qb5 19. Qd2 Qe8 20. c4 Rd8 21. d5 Bxe3 22. fxe3 Bc8 23. Nf5 Nh8 24. Qb4 Nf7 25. Rf1 g6 26. Ng3 Kg7 27. Rc3 c5 28. Qb6 Qe7 29. b4 cxb4 30. Qxb4 f5 31. c5 dxc5 32. Qxc5 Nd6 33. exf5 gxf5 34. Qc7 Rd7 35. Qb6 Kh7 36. Rfc1 Qg7 37. Rc7 Rff7 38. Nh5 Qh8 39. Rxd7 Rxd7 40. Rc7 1-0

[Event "Krasnogorsk Crocus Rapid"]
[Site "Krasnogorsk"]
[Date "2022.10.02"]
[Round "9"]
[White "Artemiev, Vladislav"]
[Black "Karjakin, Sergey"]
[Result "1/2-1/2"]
[WhiteElo "2706"]
[BlackElo "2747"]
[PlyCount "105"]
[EventDate "2022.09.30"]
[EventType "tourn (rapid)"]
[EventRounds "9"]
[EventCountry "RUS"]
[EventCategory "17"]
[SourceTitle "CBM 210 Extra"]
[Source "ChessBase"]
[SourceDate "2022.11.30"]
[SourceVersion "1"]
[SourceVersionDate "2022.11.30"]
[SourceQuality "1"]

1. Nf3 d5 2. g3 g6 3. Bg2 Bg7 4. d4 Nf6 5. 0-0 0-0 6. c4 dxc4 7. Na3 c5 8. Nxc4 Be6 9. Nfe5 Bd5 10. dxc5 Bxg2 11. Kxg2 Qc7 12. Be3 Na6 13. Nd3 Nd5 14. Rc1 Rad8 15. Qa4 Nxe3+ 16. Nxe3 Rd4 17. Rc4 Rfd8 18. b4 e5 19. Rxd4 Rxd4 20. Qe8+ Bf8 21. a3 f6 22. Rc1 Rd8 23. Qe6+ Qf7 24. Qxf7+ Kxf7 25. c6 b6 26. c7 Rc8 27. Nd5 Ke6 28. e4 Bd6 29. Rc6 f5 30. f3 Kd7 31. b5 Nxc7 32. Nf6+ Ke7 33. Nd5+ Kd7 34. Nf6+ Ke7 35. f4 exf4 36. e5 Bxa3 37. Nxf4 g5 38. Ne6 Nxb5 39. Rxc8 Kxe6 40. Re8+ Kf7 41. Rh8 Bb2 42. Nxh7 Kg7 43. Rd8 Kxh7 44. e6 Kg6 45. e7 Nc7 46. Rc8 Kf7 47. Rxc7 a5 48. h4 gxh4 49. gxh4 a4 50. Ra7 a3 51. h5 Bc1 52. h6 Bxh6 53. Rxa3 1/2-1/2

[Event "Krasnogorsk Crocus Rapid"]
[Site "Krasnogorsk"]
[Date "2022.10.01"]
[Round "6"]
[White "Karjakin, Sergey"]
[Black "Vallejo Pons, Francisco"]
[Result "0-1"]
[WhiteElo "2747"]
[BlackElo "2711"]
[PlyCount "208"]
[EventDate "2022.09.30"]
[EventType "tourn (rapid)"]
[EventRounds "9"]
[EventCountry "RUS"]
[EventCategory "17"]
[SourceTitle "CBM 210 Extra"]
[Source "ChessBase"]
[SourceDate "2022.11.30"]
[SourceVersion "1"]
[SourceVersionDate "2022.11.30"]
[SourceQuality "1"]

1. e4 c5 2. Nf3 e6 3. d4 cxd4 4. Nxd4 a6 5. Bd3 Bc5 6. Nb3 Ba7 7. Bf4 Ne7 8. Nc3 Nbc6 9. Qd2 0-0 10. Bd6 Bb8 11. Bxb8 Rxb8 12. f4 d5 13. e5 b5 14. 0-0-0 Bd7 15. Qe3 b4 16. Ne2 a5 17. Kb1 Qc7 18. Qh3 Ng6 19. Nbd4 a4 20. Nxc6 Qxc6 21. Nd4 Qb6 22. Bxg6 fxg6 23. Qe3 Rbc8 24. g3 Rc4 25. h4 a3 26. b3 Rc3 27. Rd3 Rfc8 28. Rhd1 Bb5 29. Rxc3 Rxc3 30. Qf2 h5 31. Rd2 Ba6 32. Rd1 Kf7 33. Qg1 Bb5 34. Qf2 Ba6 35. Rd2 Rc8 36. Kc1 Qc7 37. Qf3 Qc3 38. Qxc3 Rxc3 39. Rg2 Bd3 40. Kd2 Be4 41. Rg1 Bf5 42. Rg2 Ke8 43. Ke1 Kd7 44. Kd2 Ke7 45. Kd1 Kd7 46. Kd2 Kc8 47. Kd1 Kb7 48. Nb5 Rf3 49. Ke2 Bg4 50. Ke1 Kb6 51. Nd6 Kc5 52. Kd2 Rf1 53. c3 bxc3+ 54. Kxc3 d4+ 55. Kd2 Ra1 56. Kd3 Kd5 57. Rc2 Rd1+ 58. Rd2 Rg1 59. Rc2 Bf5+ 60. Nxf5 gxf5 61. b4 Rxg3+ 62. Kd2 Rg2+ 63. Kd3 Rg3+ 64. Kd2 Rg1 65. Kd3 Rd1+ 66. Rd2 Rc1 67. Rc2 Rd1+ 68. Rd2 Rb1 69. Rc2 Rxb4 70. Rc7 Rb2 71. Rd7+ Kc6 72. Rd6+ Kc5 73. Rxe6 Rxa2 74. Ra6 Rf2 75. e6 Rxf4 76. e7 Rf3+ 77. Kd2 Re3 78. Rxa3 Rxe7 79. Ra5+ Kc4 80. Rxf5 g6 81. Rf6 Re4 82. Rc6+ Kd5 83. Rxg6 Rxh4 84. Rg8 Ke4 85. Re8+ Kf3 86. Re5 Kf4 87. Re1 Rh3 88. Rf1+ Rf3 89. Rh1 Kg4 90. Rg1+ Rg3 91. Re1 d3 92. Re4+ Kh3 93. Rf4 h4 94. Ke1 Rg2 95. Rf3+ Rg3 96. Rf4 Rg1+ 97. Kd2 Kg3 98. Rf8 h3 99. Rg8+ Kh2 100. Rf8 Rg3 101. Ke1 Kh1 102. Kf1 d2 103. Ke2 Rg2+ 104. Kd1 Kg1 0-1

[Event "Krasnogorsk Crocus Rapid"]
[Site "Krasnogorsk"]
[Date "2022.09.30"]
[Round "3"]
[White "Karjakin, Sergey"]
[Black "Kramnik, Vladimir"]
[Result "1/2-1/2"]
[WhiteElo "2747"]
[BlackElo "2753"]
[PlyCount "46"]
[EventDate "2022.09.30"]
[EventType "tourn (rapid)"]
[EventRounds "9"]
[EventCountry "RUS"]
[EventCategory "17"]
[SourceTitle "CBM 210 Extra"]
[Source "ChessBase"]
[SourceDate "2022.11.30"]
[SourceVersion "1"]
[SourceVersionDate "2022.11.30"]
[SourceQuality "1"]

1. e4 e5 2. Nf3 Nc6 3. Nc3 Nf6 4. d4 exd4 5. Nxd4 Bb4 6. Nxc6 bxc6 7. Bd3 d5 8. Bd2 0-0 9. 0-0 Rb8 10. Re1 dxe4 11. Nxe4 Nxe4 12. Rxe4 Bxd2 13. Qxd2 Bf5 14. Re3 Bxd3 15. Rxd3 Qf6 16. Qc3 Qxc3 17. Rxc3 Rxb2 18. Rxc6 Rd8 19. g3 g6 20. Rxc7 Rd2 21. Rxa7 Rdxc2 22. Rf1 Rxa2 23. Rxa2 Rxa2 1/2-1/2

[Event "Moscow Stars Final 18th"]
[Site "Moscow"]
[Date "2022.07.20"]
[Round "2"]
[White "Karjakin, Sergey"]
[Black "Grischuk, Alexander"]
[Result "1/2-1/2"]
[WhiteElo "2747"]
[BlackElo "2745"]
[PlyCount "37"]
[EventDate "2022.07.20"]
[EventType "match (rapid)"]
[EventRounds "3"]
[EventCountry "RUS"]
[SourceTitle "CBM 209 Extra"]
[Source "ChessBase"]
[SourceDate "2022.09.30"]
[SourceVersion "1"]
[SourceVersionDate "2022.09.30"]
[SourceQuality "1"]

1. e4 c5 2. Nf3 Nc6 3. d4 cxd4 4. Nxd4 Nf6 5. Nc3 e5 6. Ndb5 d6 7. Nd5 Nxd5 8. exd5 Ne7 9. c4 Ng6 10. Qa4 Bd7 11. Qb4 Qb8 12. h4 h5 13. Be3 a6 14. Nc3 Be7 15. Na4 Qc7 16. Bb6 Qc8 17. Be3 Qc7 18. Bb6 Qc8 19. Be3 1/2-1/2